[Event "VII Campeonato de España de Ve"]
[Site "Sabadell (Spain)"]
[Date "2009.12.14"]
[Round "3"]
[White "Bautista Sanchez, Joan"]
[Black "Anguera Maestro, Jaime"]
[Result "1/2-1/2"]
[WhiteElo "2229"]
[BlackElo "2235"]
[PlyCount "42"]
[EventDate "2009.12.12"]
[EventRounds "7"]
[EventCountry "ESP"]

1. Nf3 Nf6 2. c4 e6 3. Nc3 d5 4. e3 c6 5. b3 Nbd7 6. Be2 Bd6 7. Bb2 a6 8. d4
O-O 9. O-O Ne4 10. Qc2 f5 11. g3 Ndf6 12. Ne5 Bd7 13. Bf3 Be8 14. Bg2 Qc7 15.
Ne2 Nd7 16. Nf4 Bf7 17. Nxf7 Bxf4 18. exf4 Rxf7 19. Rfe1 Nf8 20. Re3 Qd7 21.
Rc1 h6 1/2-1/2

[Event "VII Campeonato de España de Ve"]
[Site "Sabadell (Spain)"]
[Date "2009.12.14"]
[Round "3"]
[White "Simon Padros, Emili"]
[Black "Ciuro Munoz, Ricardo"]
[Result "1/2-1/2"]
[WhiteElo "2229"]
[BlackElo "2148"]
[PlyCount "64"]
[EventDate "2009.12.12"]
[EventRounds "7"]
[EventCountry "ESP"]

1. e4 e6 2. d4 d5 3. e5 c5 4. c3 Qb6 5. a3 Nc6 6. Nd2 c4 7. Be2 Na5 8. Ngf3 Bd7
9. O-O Be7 10. Re1 Nh6 11. Nf1 Nf5 12. Rb1 Qb3 13. Bf4 Qxd1 14. Bxd1 Rc8 15.
Bc2 Nh4 16. N3d2 g5 17. Be3 Nf5 18. g4 Nh4 19. Ng3 h6 20. Nh5 Kd8 21. f4 Kc7
22. fxg5 hxg5 23. Rf1 Rcf8 24. Nf3 Nxf3+ 25. Rxf3 Be8 26. Rbf1 Nc6 27. Kg2 b5
28. Nf6 Bxf6 29. Rxf6 Rfg8 30. R1f3 Rh4 31. Rg3 Rgh8 32. h3 Rg8 1/2-1/2

[Event "VII Campeonato de España de Ve"]
[Site "Sabadell (Spain)"]
[Date "2009.12.14"]
[Round "3"]
[White "Aguera Martinez, Joaquin"]
[Black "Campos Calvo-Sotelo, Juan"]
[Result "1-0"]
[WhiteElo "2112"]
[BlackElo "2052"]
[PlyCount "146"]
[EventDate "2009.12.12"]
[EventRounds "7"]
[EventCountry "ESP"]

1. e4 e6 2. d4 a6 3. Nf3 b5 4. Bd3 c5 5. c3 Bb7 6. O-O Nf6 7. Qe2 Nc6 8. e5 Nd5
9. dxc5 Bxc5 10. a4 b4 11. c4 Nde7 12. Nbd2 Qc7 13. Re1 Ng6 14. Nb3 Be7 15. a5
O-O 16. Bd2 d6 17. exd6 Bxd6 18. Bxg6 hxg6 19. h3 Rad8 20. Be3 Qb8 21. Bb6 Bc7
22. Red1 Rxd1+ 23. Qxd1 Rd8 24. Qe2 Ba8 25. c5 Rd5 26. Rd1 Rxd1+ 27. Qxd1 Be5
28. Qd2 Qb7 29. Nxe5 Nxe5 30. Qd8+ Kh7 31. Qh4+ Kg8 32. Qg3 f5 33. f3 Qd5 34.
c6 Nxc6 35. Qxg6 Qd1+ 36. Kh2 Qd6+ 37. Qg3 Qd5 38. Nc5 Ne5 39. Nxa6 Bb7 40.
Nxb4 Qd6 41. Nd3 Nxf3+ 42. gxf3 Qxd3 43. Qb8+ Kh7 44. Qxb7 Qe2+ 45. Kg1 Qd1+
46. Kg2 Qd2+ 47. Bf2 Qg5+ 48. Kh1 Qc1+ 49. Bg1 Qf1 50. Qb6 Qxh3+ 51. Bh2 Qf1+
52. Qg1 Qxf3+ 53. Qg2 Qd1+ 54. Bg1 Kg8 55. Qa8+ Kh7 56. a6 e5 57. Qg2 Kg8 58.
Qf2 Qh5+ 59. Bh2 Qd1+ 60. Kg2 Qd5+ 61. Kf1 Qd1+ 62. Kg2 Qd5+ 63. Qf3 e4 64. Qe3
Qb5 65. a7 Qxb2+ 66. Kh3 Qb7 67. Bg1 Kh7 68. Qg5 Qc8 69. Qf4 g5 70. Qxg5 f4+
71. Kh4 e3 72. Qe7+ Kg6 73. Qe4+ Kf7 1-0

[Event "VII Campeonato de España de Ve"]
[Site "Sabadell (Spain)"]
[Date "2009.12.14"]
[Round "3"]
[White "Mas Recorda, Pere"]
[Black "Monedero Gonzalez, Josep"]
[Result "1-0"]
[WhiteElo "1993"]
[BlackElo "2111"]
[PlyCount "135"]
[EventDate "2009.12.12"]
[EventRounds "7"]
[EventCountry "ESP"]

1. d4 Nf6 2. Bf4 e6 3. e3 d5 4. Nf3 c5 5. Nbd2 Nc6 6. c3 Bd6 7. Bg3 c4 8. Qc2
b5 9. e4 Be7 10. Be2 Bb7 11. exd5 Nxd5 12. O-O O-O 13. Rfe1 Rc8 14. a3 Bd6 15.
Ne4 Bxg3 16. hxg3 h6 17. Rad1 Nf6 18. Nfd2 e5 19. d5 Nxd5 20. Nc5 Ba8 21. Bf3
Nce7 22. Na6 Qd6 23. Nb4 Nxb4 24. axb4 Qg6 25. Qxg6 Nxg6 26. Bxa8 Rxa8 27. Nf3
f6 28. Rd5 Rfb8 29. Ra1 Rb7 30. Ra5 Rab8 31. Nd2 Ne7 32. Rd6 Rc7 33. Ne4 Kf8
34. Nc5 Nf5 35. Rda6 Kf7 36. Rxa7 Rxa7 37. Rxa7+ Kg6 38. g4 Nd6 39. Ne6 Nf7 40.
Re7 Rg8 41. Kf1 Nd8 42. Nc7 Nc6 43. Re6 Nb8 44. Rb6 Kg5 45. Nxb5 Rd8 46. Nd6
Kxg4 47. Nxc4 Kf4 48. Ke2 Rc8 49. Ne3 Rd8 50. Rb7 g6 51. Rg7 Kg5 52. Rb7 f5 53.
b5 Nd7 54. b4 Nf6 55. c4 f4 56. Nf1 Ne4 57. f3 Nc3+ 58. Kf2 Nd1+ 59. Ke1 Nb2
60. c5 Nd3+ 61. Ke2 Nc1+ 62. Kf2 Nd3+ 63. Kg1 Nxb4 64. c6 Rd1 65. Rd7 Rc1 66.
c7 Kf6 67. b6 Ke6 68. Rd8 1-0

[Event "VII Campeonato de España de Ve"]
[Site "Sabadell (Spain)"]
[Date "2009.12.14"]
[Round "3"]
[White "Segura Vila, Juan"]
[Black "Gonzalez Pabollet, Jesus Maria"]
[Result "0-1"]
[WhiteElo "2070"]
[BlackElo "1912"]
[PlyCount "84"]
[EventDate "2009.12.12"]
[EventRounds "7"]
[EventCountry "ESP"]

1. e4 c5 2. d4 cxd4 3. c3 dxc3 4. Nxc3 Nc6 5. Nf3 e6 6. Bc4 Bc5 7. O-O a6 8.
Qe2 Nge7 9. Bg5 b5 10. Bb3 Bb7 11. Rac1 Qb6 12. Rfd1 f6 13. Bf4 Nd4 14. Nxd4
Bxd4 15. Nd5 exd5 16. Bc7 Bxf2+ 17. Qxf2 Qxf2+ 18. Kxf2 dxe4 19. Bd6 Nf5 20.
Bc5 Rc8 21. g4 d6 22. Bb4 Rxc1 23. Rxc1 e3+ 24. Ke1 Nd4 25. Rc7 Nxb3 26. Rxb7
Nc1 27. Bxd6 Rg8 28. Re7+ Kd8 29. Ra7 Re8 30. Ra8+ Kd7 31. Rxe8 Kxe8 32. Kd1
Nd3 33. Ke2 Nxb2 34. h4 Nc4 35. Bc5 Kd7 36. Bf8 g6 37. h5 Ke6 38. h6 Kd5 39.
Kd3 f5 40. g5 f4 41. Be7 Ne5+ 42. Ke2 Ke4 0-1

[Event "VII Campeonato de España de Ve"]
[Site "Sabadell (Spain)"]
[Date "2009.12.14"]
[Round "3"]
[White "Garcia Molina, Pablo"]
[Black "Pujades Costa, Joan"]
[Result "1-0"]
[WhiteElo "2022"]
[BlackElo "1856"]
[PlyCount "111"]
[EventDate "2009.12.12"]
[EventRounds "7"]
[EventCountry "ESP"]

1. e4 e5 2. Nf3 Nf6 3. Nc3 d6 4. h3 Nc6 5. Bb5 a6 6. Bxc6+ bxc6 7. d4 exd4 8.
Nxd4 Bb7 9. O-O Be7 10. Nf5 Rg8 11. Bg5 h6 12. Bh4 Qd7 13. Qf3 Kf8 14. Nxh6
gxh6 15. Bxf6 Bxf6 16. Qxf6 Qxh3 17. g3 Re8 18. Qf3 h5 19. Qg2 Qg4 20. Rae1 h4
21. Re3 d5 22. Rd1 f5 23. exd5 Rxe3 24. fxe3 cxd5 25. Rd4 Qh5 26. Ne2 hxg3 27.
Nxg3 Qg5 28. Kf2 c5 29. Rf4 Bc8 30. Qf3 Ke7 31. Nxf5+ Bxf5 32. Rxf5 Qg1+ 33.
Ke2 Qg2+ 34. Qxg2 Rxg2+ 35. Rf2 Rg4 36. Rh2 a5 37. Kf3 Ra4 38. a3 Kd6 39. Rh6+
Ke5 40. Rc6 Rc4 41. c3 a4 42. Rh6 d4 43. Rh5+ Ke6 44. exd4 cxd4 45. cxd4 Rxd4
46. Ke3 Rd8 47. Rh4 Rb8 48. Rb4 Ra8 49. Kd4 Ra5 50. Rb6+ Kd7 51. Kc4 Rh5 52.
Kb4 Kc7 53. Rb5 Rh4+ 54. Ka5 Kc6 55. Rb4 Rh5+ 56. Kxa4 1-0

[Event "VII Campeonato de España de Ve"]
[Site "Sabadell (Spain)"]
[Date "2009.12.14"]
[Round "3"]
[White "Navines Monfa, Josep"]
[Black "Sarto Ramos, Angel"]
[Result "0-1"]
[WhiteElo "1870"]
[BlackElo "2014"]
[PlyCount "69"]
[EventDate "2009.12.12"]
[EventRounds "7"]
[EventCountry "ESP"]

1. e4 g6 2. Nf3 Bg7 3. d4 d6 4. Nc3 c6 5. Be2 Nf6 6. O-O O-O 7. Re1 b5 8. a3
Qc7 9. Bf4 Nh5 10. Be3 e5 11. d5 Nf4 12. Qd2 Nxe2+ 13. Qxe2 c5 14. Nxb5 Qb6 15.
c4 f5 16. Nc3 f4 17. Bc1 Bf6 18. h3 g5 19. Nh2 Qb3 20. Ng4 a6 21. Nxf6+ Rxf6
22. Kh2 Nd7 23. a4 Rg6 24. g3 Nf6 25. gxf4 gxf4 26. Rg1 Rxg1 27. Kxg1 Bxh3 28.
Ra3 Qb7 29. Qf3 Qg7+ 30. Kh1 Bg4 31. Qg2 Kf7 32. f3 Qh6+ 33. Kg1 Rg8 34. Bxf4
exf4 35. Rb3 0-1

[Event "VII Campeonato de España de Ve"]
[Site "Sabadell (Spain)"]
[Date "2009.12.14"]
[Round "3"]
[White "Ridameya Tatche, Jose Miguel"]
[Black "Fernandez Calzada, Juan A"]
[Result "1/2-1/2"]
[WhiteElo "1998"]
[BlackElo "1889"]
[PlyCount "64"]
[EventDate "2009.12.12"]
[EventRounds "7"]
[EventCountry "ESP"]

1. e4 c5 2. Nf3 d6 3. d4 cxd4 4. Nxd4 Nf6 5. f3 a6 6. c4 e6 7. Be3 Be7 8. Nc3
Nbd7 9. Qd2 Qc7 10. Rc1 O-O 11. Be2 b6 12. O-O Bb7 13. Rfd1 Rac8 14. Qe1 Rfe8
15. Qf2 Bf8 16. g4 Kh8 17. Kh1 Ng8 18. Rg1 Ne7 19. g5 Ng6 20. h4 Qd8 21. h5
Nge5 22. b3 Nc5 23. Rcd1 Qe7 24. Bf4 Ncd7 25. Bf1 Nc5 26. Qe3 Ncd7 27. Na4 Qd8
28. Re1 Qc7 29. Rc1 Qd8 30. Nc3 Qe7 31. Na4 Qd8 32. Nc3 Qe7 1/2-1/2

[Event "VII Campeonato de España de Ve"]
[Site "Sabadell (Spain)"]
[Date "2009.12.14"]
[Round "3"]
[White "Ritter Aguilar, Jordi"]
[Black "Demestres Lopez, Ricardo"]
[Result "1-0"]
[WhiteElo "1963"]
[BlackElo "1782"]
[PlyCount "97"]
[EventDate "2009.12.12"]
[EventRounds "7"]
[EventCountry "ESP"]

1. e4 c5 2. f4 d6 3. Nf3 Nc6 4. d4 cxd4 5. Nxd4 Nf6 6. Nxc6 bxc6 7. Nc3 Bg4 8.
Be2 Bxe2 9. Qxe2 Qc7 10. O-O e6 11. Be3 d5 12. e5 Nd7 13. Qg4 g6 14. Rae1 h5
15. Qf3 Rb8 16. Bc1 Qa5 17. a3 Qc7 18. Kh1 a5 19. Ne2 Bc5 20. c3 Ba7 21. Qg3
Nc5 22. Qf3 Nb3 23. f5 Nxc1 24. Rxc1 exf5 25. Nf4 O-O 26. e6 Rbe8 27. exf7+
Qxf7 28. Qg3 Kh7 29. Rf3 Bb8 30. Qg5 Re4 31. Nh3 Qc7 32. g3 Rg4 33. Qd2 Qd8 34.
Nf2 Rg5 35. Qd3 f4 36. Nh3 Rgf5 37. Rcf1 Kh6 38. gxf4 Qh4 39. Rg3 R8f6 40. Qe3
Rf7 41. Ng5 Rg7 42. Qe8 Rxg5 43. fxg5+ Kh7 44. Qxb8 Qe4+ 45. Kg1 Re7 46. Qf4
Qe6 47. Rgf3 Qg4+ 48. Qxg4 hxg4 49. Rf7+ 1-0

[Event "VII Campeonato de España de Ve"]
[Site "Sabadell (Spain)"]
[Date "2009.12.14"]
[Round "3"]
[White "Gonzalo Gonzalez, Francisco"]
[Black "Febrero Perez, Lluis"]
[Result "0-1"]
[WhiteElo "1781"]
[BlackElo "1599"]
[PlyCount "94"]
[EventDate "2009.12.12"]
[EventRounds "7"]
[EventCountry "ESP"]

1. e4 e5 2. Nf3 Nc6 3. Bc4 Bc5 4. c3 Nf6 5. d3 O-O 6. Bg5 h6 7. Bh4 g5 8. Bg3
Ne7 9. Bxe5 Ng6 10. Bg3 d5 11. exd5 Re8+ 12. Kd2 Nxd5 13. Re1 Be6 14. d4 Ndf4
15. Bxe6 Rxe6 16. Rxe6 Nxe6 17. Kc2 Bd6 18. Nbd2 c5 19. Bxd6 Qxd6 20. Ne4 Qf4
21. Qd3 cxd4 22. g3 Qf5 23. Nxd4 Nxd4+ 24. cxd4 Rc8+ 25. Kd2 Qa5+ 26. Ke3 Qb6
27. b3 Ne5 28. Qe2 Re8 29. f4 Nc6 30. Qc4 Kg7 31. f5 Ne5 32. Qc2 Ng4+ 33. Kd3
Qb5+ 34. Qc4 Qxf5 35. Kc3 Qxe4 36. Kb4 Qe7+ 37. Kc3 Qe3+ 38. Kb4 Qd2+ 39. Kb5
a6+ 40. Kb6 Ne3 41. Qc5 Qg2 42. Ka7 b6 43. Kxb6 Rb8+ 44. Kc7 Qb7+ 45. Kd6 Rd8+
46. Ke5 Re8+ 47. Kd6 Re6# 0-1

[Event "VII Campeonato de España de Ve"]
[Site "Sabadell (Spain)"]
[Date "2009.12.15"]
[Round "4"]
[White "Serra Olives, Tomas"]
[Black "Estrada Martinez, Cesar"]
[Result "1/2-1/2"]
[WhiteElo "2143"]
[BlackElo "2175"]
[PlyCount "32"]
[EventDate "2009.12.12"]
[EventRounds "7"]
[EventCountry "ESP"]

1. e4 c6 2. d4 d5 3. Nc3 g6 4. h3 dxe4 5. Nxe4 Bg7 6. Nf3 Nd7 7. Bc4 Ngf6 8.
Ng3 O-O 9. O-O b6 10. Qe2 Bb7 11. Re1 e6 12. Ba6 Bxa6 13. Qxa6 c5 14. dxc5 Nxc5
15. Qe2 Qc7 16. c4 Rad8 1/2-1/2

[Event "VII Campeonato de España de Ve"]
[Site "Sabadell (Spain)"]
[Date "2009.12.15"]
[Round "4"]
[White "Ciuro Munoz, Ricardo"]
[Black "Gonzalez Rodriguez, Jorge A"]
[Result "0-1"]
[WhiteElo "2148"]
[BlackElo "2441"]
[PlyCount "148"]
[EventDate "2009.12.12"]
[EventRounds "7"]
[EventCountry "ESP"]

1. e4 e6 2. d4 d5 3. Nd2 Nf6 4. e5 Nfd7 5. c3 c5 6. Bd3 Nc6 7. Ne2 b6 8. O-O
cxd4 9. cxd4 Nb4 10. Bb1 Ba6 11. Nf3 Be7 12. a3 Nc6 13. Re1 Na5 14. Bd3 Qc8 15.
b3 h6 16. Bb2 O-O 17. Nf4 Qb7 18. h4 Rfc8 19. g3 Rc6 20. Qe2 Bxd3 21. Qxd3 Rac8
22. Rec1 Nb8 23. Rxc6 Rxc6 24. Rc1 a6 25. Nd2 b5 26. Ne2 Rxc1+ 27. Bxc1 Nd7 28.
f4 f5 29. b4 Nc4 30. Nb3 Nb8 31. Nc5 Bxc5 32. dxc5 Nc6 33. Nd4 Nxd4 34. Qxd4 a5
35. Bd2 axb4 36. Bxb4 Qa7 37. Qd3 Kf7 38. Kh2 Ke8 39. Qf3 Kd8 40. Qd3 Qd7 41.
Qd4 Kc7 42. Kg1 Kc6 43. h5 Qe8 44. Qd1 Qd7 45. Qd4 Kb7 46. Kf2 Qe8 47. Qd1 Qd7
48. Qd4 Kc6 49. Kg1 Qa7 50. Qd3 Qa4 51. g4 fxg4 52. Kg2 Qc2+ 53. Qxc2 Ne3+ 54.
Kg3 Nxc2 55. Kxg4 Nd4 56. Kg3 Kd7 57. Kg4 Ke8 58. Bc3 Nf5 59. Kf3 Ne7 60. Kg4
Kf7 61. Bb2 g6 62. Bc1 Nc6 63. Bd2 d4 64. Be1 Ne7 65. Kf3 gxh5 66. Ke4 Kg6 67.
Bf2 d3 68. Kxd3 Kf5 69. Bh4 Nc6 70. Ke3 Kg4 71. Bf6 h4 72. Bxh4 Kxh4 73. f5 Kg5
74. fxe6 Kf5 0-1

[Event "VII Campeonato de España de Ve"]
[Site "Sabadell (Spain)"]
[Date "2009.12.15"]
[Round "4"]
[White "Anguera Maestro, Jaime"]
[Black "Mas Recorda, Pere"]
[Result "1-0"]
[WhiteElo "2235"]
[BlackElo "1993"]
[PlyCount "61"]
[EventDate "2009.12.12"]
[EventRounds "7"]
[EventCountry "ESP"]

1. d4 f5 2. c4 Nf6 3. Nc3 g6 4. g3 Bg7 5. Bg2 O-O 6. Nf3 d6 7. O-O Nc6 8. Bg5
Ne4 9. Be3 Nxc3 10. bxc3 e5 11. d5 Na5 12. c5 Nc4 13. Bg5 Qe8 14. Qb3 b5 15. c6
Ba6 16. Bc1 h6 17. Nd2 Nxd2 18. Bxd2 e4 19. Rac1 Qb8 20. Be3 Bc8 21. Rb1 a5 22.
c4 b4 23. c5 Ba6 24. cxd6 cxd6 25. Rfe1 Kh7 26. Bf1 Bc3 27. Red1 Rf7 28. Bd4
Bxd4 29. Rxd4 Qb6 30. e3 Bxf1 31. Rxf1 1-0

[Event "VII Campeonato de España de Ve"]
[Site "Sabadell (Spain)"]
[Date "2009.12.15"]
[Round "4"]
[White "Sarto Ramos, Angel"]
[Black "Simon Padros, Emili"]
[Result "1-0"]
[WhiteElo "2014"]
[BlackElo "2229"]
[PlyCount "78"]
[EventDate "2009.12.12"]
[EventRounds "7"]
[EventCountry "ESP"]

1. d4 Nf6 2. Nf3 g6 3. Nc3 Bg7 4. Bf4 O-O 5. Qd2 c6 6. Bh6 d6 7. Bxg7 Kxg7 8.
h3 b5 9. a3 Nbd7 10. e4 a6 11. e5 Ne8 12. h4 h5 13. Ne4 Nb6 14. Bd3 Bf5 15. Ng3
Bxd3 16. Qxd3 Nc7 17. Ng5 Rh8 18. f4 f6 19. Nf3 dxe5 20. fxe5 Nbd5 21. O-O Qd7
22. Qe4 Qg4 23. Kf2 f5 24. Qe1 f4 25. Ne4 Ne3 26. Rg1 Qf5 27. Nfg5 Ncd5 28. Qe2
Ng4+ 29. Ke1 Rhf8 30. Kd2 Nge3 31. Rae1 a5 32. Kc1 Kh8 33. Nc5 a4 34. Qd3 b4
35. Qxf5 Nxf5 36. Nf3 bxa3 37. bxa3 Ra5 38. Kd2 Nxd4 39. Nxd4 Rfa8 1-0

[Event "VII Campeonato de España de Ve"]
[Site "Sabadell (Spain)"]
[Date "2009.12.15"]
[Round "4"]
[White "Espau Guillem, Josep"]
[Black "Bautista Sanchez, Joan"]
[Result "1-0"]
[WhiteElo "2003"]
[BlackElo "2229"]
[PlyCount "79"]
[EventDate "2009.12.12"]
[EventRounds "7"]
[EventCountry "ESP"]

1. e4 d6 2. d4 Nf6 3. Bd3 c6 4. Bg5 Qb6 5. Ne2 Nbd7 6. Na3 e5 7. Nc4 Qc7 8. c3
Be7 9. O-O O-O 10. Ne3 Re8 11. Nf5 Bf8 12. Neg3 h6 13. Be3 d5 14. f3 b6 15. Qd2
dxe4 16. Nxe4 Nd5 17. Rad1 Nxe3 18. Nxe3 Bb7 19. Bc2 Rad8 20. Qd3 g6 21. Ng4
Bg7 22. Qc4 h5 23. Ngf2 exd4 24. cxd4 c5 25. dxc5 Nxc5 26. b4 Ba6 27. b5 Bc8
28. Ng5 Be6 29. Nxe6 Nxe6 30. Qxc7 Nxc7 31. Be4 Bd4 32. Rfe1 Nxb5 33. Bc6 Rxe1+
34. Rxe1 Nc3 35. Kf1 Bxf2 36. Kxf2 Nxa2 37. Re2 Nb4 38. Bb5 a5 39. Bc4 Nd5 40.
Rb2 1-0

[Event "VII Campeonato de España de Ve"]
[Site "Sabadell (Spain)"]
[Date "2009.12.15"]
[Round "4"]
[White "Grau Brumos, Isidre"]
[Black "Garcia Molina, Pablo"]
[Result "0-1"]
[WhiteElo "2117"]
[BlackElo "2022"]
[PlyCount "69"]
[EventDate "2009.12.12"]
[EventRounds "7"]
[EventCountry "ESP"]

1. f4 Nf6 2. Nf3 d6 3. d4 g6 4. Nbd2 Bg7 5. e4 O-O 6. Bd3 c5 7. c3 Nc6 8. d5
Nb8 9. O-O Bg4 10. a4 Qc7 11. Nc4 Nbd7 12. h3 Bxf3 13. Qxf3 Nb6 14. Na3 c4 15.
Nb5 Qd8 16. Be2 a5 17. Be3 Nfd7 18. Bd4 Rc8 19. Na3 Nc5 20. Qe3 Bxd4 21. cxd4
Ncxa4 22. Qc1 f5 23. Nxc4 Nxc4 24. Bxc4 b5 25. Rxa4 bxa4 26. Rf3 fxe4 27. Rc3
Qb6 28. Qd2 Qb4 29. Qc1 Rc7 30. f5 Rxf5 31. Kh2 Rf8 32. h4 Rf2 33. Rg3 Qxc4 34.
Rc3 Qe2 35. Kg3 0-1

[Event "VII Campeonato de España de Ve"]
[Site "Sabadell (Spain)"]
[Date "2009.12.15"]
[Round "4"]
[White "Gonzalez Pabollet, Jesus Maria"]
[Black "Aguera Martinez, Joaquin"]
[Result "0-1"]
[WhiteElo "1912"]
[BlackElo "2112"]
[PlyCount "56"]
[EventDate "2009.12.12"]
[EventRounds "7"]
[EventCountry "ESP"]

1. e4 c5 2. Bc4 g6 3. Nf3 Bg7 4. O-O Nc6 5. c3 e6 6. Re1 Nge7 7. d4 cxd4 8.
Nxd4 O-O 9. Nxc6 Nxc6 10. Bf4 Ne5 11. Bb3 d6 12. Nd2 Nd3 13. Bg3 Nxe1 14. Qxe1
b5 15. Rd1 Qb6 16. Kh1 Bb7 17. Nf3 Rfd8 18. Qe2 a6 19. Ng5 Qc5 20. f4 h6 21. f5
hxg5 22. fxg6 fxg6 23. Bxe6+ Kh7 24. Qg4 Rf8 25. h4 Rf4 26. Bxf4 gxf4 27. Rd3
Bxe4 28. h5 Bxd3 0-1

[Event "VII Campeonato de España de Ve"]
[Site "Sabadell (Spain)"]
[Date "2009.12.15"]
[Round "4"]
[White "Campos Calvo-Sotelo, Juan"]
[Black "Ritter Aguilar, Jordi"]
[Result "0-1"]
[WhiteElo "2052"]
[BlackElo "1963"]
[PlyCount "96"]
[EventDate "2009.12.12"]
[EventRounds "7"]
[EventCountry "ESP"]

1. b4 e5 2. a3 d5 3. e3 Nf6 4. c4 c6 5. Bb2 Bd6 6. Nf3 Bg4 7. Qb3 Nbd7 8. h3
Bxf3 9. gxf3 Rc8 10. Nc3 d4 11. Ne4 Nxe4 12. fxe4 dxe3 13. dxe3 c5 14. O-O-O
Qe7 15. b5 Rd8 16. Rg1 O-O 17. Bd3 g6 18. Rg3 Nf6 19. Rdg1 Nh5 20. Rg5 Ng7 21.
Be2 Bc7 22. h4 h6 23. R5g4 Ne6 24. Bf3 Kh7 25. Qc3 Rd7 26. Qe1 Rfd8 27. Bc3 a6
28. Qf1 axb5 29. Qg2 Rg8 30. Qh2 Nd4 31. Bd1 bxc4 32. f4 Nb5 33. Ba1 c3 34. a4
c4 35. Qa2 Rd2 36. Bc2 Na3 37. R4g2 Nxc2 38. Rxd2 Nb4 39. Qxc4 cxd2+ 40. Kxd2
Rd8+ 41. Ke2 Nc6 42. f5 Kg7 43. Rg4 Qb4 44. f6+ Kf8 45. Qc2 Ba5 46. Kf3 Qd2 47.
Qc5+ Qd6 48. Qb5 Qd1+ 0-1

[Event "VII Campeonato de España de Ve"]
[Site "Sabadell (Spain)"]
[Date "2009.12.15"]
[Round "4"]
[White "Monedero Gonzalez, Josep"]
[Black "Navines Monfa, Josep"]
[Result "1/2-1/2"]
[WhiteElo "2111"]
[BlackElo "1870"]
[PlyCount "115"]
[EventDate "2009.12.12"]
[EventRounds "7"]
[EventCountry "ESP"]

1. d4 d5 2. Nf3 Nf6 3. e3 Bg4 4. c4 c6 5. Nc3 e6 6. Be2 Nbd7 7. Bd2 Be7 8. O-O
O-O 9. b3 Re8 10. Ne5 Bxe2 11. Qxe2 c5 12. Rad1 a6 13. Nxd7 Qxd7 14. Na4 Qc7
15. dxc5 Bxc5 16. cxd5 Ba7 17. dxe6 Rxe6 18. Rc1 Qe7 19. Rc2 Nd5 20. Rfc1 Re8
21. Qf3 Qd6 22. g3 b5 23. Nc5 Bxc5 24. Rxc5 Nf6 25. Ba5 Qd3 26. Rd1 Qg6 27. Qf5
Qxf5 28. Rxf5 Rc8 29. Rf4 h6 30. Rd2 Rec6 31. Bd8 Rc2 32. Rxc2 Rxc2 33. Bxf6
gxf6 34. a4 bxa4 35. bxa4 Rc6 36. Kf1 Kf8 37. Ke2 Ke7 38. Kd3 Rb6 39. Kc3 Rb1
40. Kc4 Ke6 41. Kc5 Rb2 42. h4 f5 43. e4 fxe4 44. Rxe4+ Kf5 45. Rf4+ Ke6 46. g4
f6 47. f3 Rb3 48. Kc6 Kf7 49. g5 hxg5 50. hxg5 Kg7 51. gxf6+ Kf7 52. Kc5 a5 53.
Rc4 Kxf6 54. Kd5 Rxf3 55. Rc6+ Ke7 56. Ra6 Rf4 57. Ra7+ Kd8 58. Kd6 1/2-1/2

[Event "VII Campeonato de España de Ve"]
[Site "Sabadell (Spain)"]
[Date "2009.12.15"]
[Round "4"]
[White "Pujades Costa, Joan"]
[Black "Segura Vila, Juan"]
[Result "0-1"]
[WhiteElo "1856"]
[BlackElo "2070"]
[PlyCount "98"]
[EventDate "2009.12.12"]
[EventRounds "7"]
[EventCountry "ESP"]

1. g3 f5 2. d4 Nf6 3. Bg2 e6 4. Nf3 Be7 5. O-O O-O 6. b3 Qe8 7. Bb2 d6 8. Nbd2
Qh5 9. e3 Nc6 10. c4 g5 11. Ne1 Qh6 12. h3 f4 13. Nd3 fxe3 14. fxe3 g4 15. Nf4
e5 16. dxe5 dxe5 17. Nd5 gxh3 18. Nxf6+ Bxf6 19. Bd5+ Kh8 20. Qe1 Bg4 21. Nf3
Rae8 22. Qd2 Qg7 23. Rae1 Be6 24. Kh2 Rg8 25. Rg1 Bxd5 26. cxd5 Nd8 27. e4 Nf7
28. Bc1 Qg4 29. Qe2 Ref8 30. b4 Be7 31. a3 Rg6 32. Bb2 Bd6 33. Nh4 Qxe2+ 34.
Rxe2 Rf6 35. Nf5 Ng5 36. Rf1 Nxe4 37. g4 Ng5 38. Bxe5 Bxe5+ 39. Rxe5 R6f7 40.
Ree1 h5 41. Kg3 Kh7 42. Ne3 Rxf1 43. Rxf1 Rxf1 44. Nxf1 hxg4 45. Kxg4 Kg6 46.
Kf4 Nh7 47. Ke5 Nf8 48. d6 cxd6+ 49. Kxd6 Kf5 0-1

[Event "VII Campeonato de España de Ve"]
[Site "Sabadell (Spain)"]
[Date "2009.12.16"]
[Round "5"]
[White "Gonzalez Rodriguez, Jorge A"]
[Black "Estrada Martinez, Cesar"]
[Result "1-0"]
[WhiteElo "2441"]
[BlackElo "2175"]
[PlyCount "103"]
[EventDate "2009.12.12"]
[EventRounds "7"]
[EventCountry "ESP"]

1. b3 e5 2. Bb2 d6 3. e3 Nf6 4. Nf3 g6 5. d4 e4 6. Nfd2 Bg7 7. c4 O-O 8. Nc3
Re8 9. Be2 h5 10. b4 Bf5 11. Nb3 c6 12. a4 Bg4 13. h3 Bxe2 14. Qxe2 Nbd7 15.
Ba3 b6 16. O-O Nf8 17. c5 bxc5 18. bxc5 d5 19. Qa6 Qd7 20. Na5 Rac8 21. Rfb1
Rc7 22. Rb7 Rec8 23. Rab1 Ne6 24. Qxa7 Nd8 25. Rxc7 Rxc7 26. Qb8 Kh7 27. Nb5
Rc8 28. Qg3 Ra8 29. Nxc6 Nxc6 30. Nc3 Ra7 31. Rb6 Ne8 32. Kh1 Rb7 33. f3 Bf8
34. Nxd5 Rxb6 35. Nxb6 Qf5 36. fxe4 Qxe4 37. Qf3 Qb1+ 38. Kh2 Qb3 39. Qxc6 Qxe3
40. Nd5 Qxd4 41. Qxe8 Qxd5 42. Bb2 Qxc5 43. Qxf7+ Kh6 44. Qf6 Be7 45. Qf4+ g5
46. Qd4 Qc7+ 47. Kh1 Bd8 48. a5 Qe7 49. a6 Qe1+ 50. Qg1 Qxg1+ 51. Kxg1 Bb6+ 52.
Kf1 1-0

[Event "VII Campeonato de España de Ve"]
[Site "Sabadell (Spain)"]
[Date "2009.12.16"]
[Round "5"]
[White "Sarto Ramos, Angel"]
[Black "Anguera Maestro, Jaime"]
[Result "1/2-1/2"]
[WhiteElo "2014"]
[BlackElo "2235"]
[PlyCount "41"]
[EventDate "2009.12.12"]
[EventRounds "7"]
[EventCountry "ESP"]

1. d4 d5 2. Nf3 Nf6 3. Bf4 c6 4. e3 e6 5. Bd3 Nbd7 6. h3 Be7 7. Nbd2 b6 8. O-O
Bb7 9. c4 O-O 10. Rc1 h6 11. Qe2 Rc8 12. Ne5 c5 13. b3 Ne4 14. Nxd7 Qxd7 15.
Nxe4 dxe4 16. Bb1 cxd4 17. exd4 Qxd4 18. Rcd1 Qf6 19. Bg3 Rfd8 20. Bxe4 Bxe4
21. Qxe4 1/2-1/2

[Event "VII Campeonato de España de Ve"]
[Site "Sabadell (Spain)"]
[Date "2009.12.16"]
[Round "5"]
[White "Aguera Martinez, Joaquin"]
[Black "Espau Guillem, Josep"]
[Result "1/2-1/2"]
[WhiteElo "2112"]
[BlackElo "2003"]
[PlyCount "118"]
[EventDate "2009.12.12"]
[EventRounds "7"]
[EventCountry "ESP"]

1. e4 d5 2. Nf3 dxe4 3. Ng5 h6 4. Nxe4 Bf5 5. Qf3 Qc8 6. Nbc3 c6 7. d4 Nf6 8.
Bc4 e6 9. Nxf6+ gxf6 10. Ne4 Nd7 11. Bf4 Bxe4 12. Qxe4 Nb6 13. Bb3 Qd7 14.
O-O-O O-O-O 15. c4 a5 16. a3 a4 17. Ba2 Be7 18. Qc2 f5 19. h4 Bd6 20. Bd2 Bc7
21. Ba5 Na8 22. Bc3 Rhg8 23. Qxa4 Nb6 24. Qa7 Rxg2 25. Ba5 Rxf2 26. Bxb6 Bxb6
27. Qxb6 Qd6 28. d5 Qf4+ 29. Kb1 Qf3 30. Rc1 Rd7 31. Rhg1 Rg2 32. Rxg2 Qxg2 33.
Rg1 Qe4+ 34. Ka1 Rd8 35. a4 exd5 36. cxd5 Qxa4 37. Rc1 Rxd5 38. Qe3 Rd1 39.
Qxh6 Rxc1+ 40. Qxc1 Qxh4 41. Bxf7 Qa4+ 42. Ba2 Kb8 43. Qe1 f4 44. Qf1 Qd4 45.
Bc4 Qe3 46. Qd3 f3 47. Ka2 Qe1 48. Qc2 f2 49. Qd3 Qa5+ 50. Kb1 Qc5 51. Qe2 Kc7
52. Bd3 b5 53. Qe4 Kb7 54. Qf4 Kb6 55. Qf7 Ka6 56. Qf4 Kb7 57. Qf7+ Kb6 58. Qf4
Kb7 59. Qf7+ Kb6 1/2-1/2